| 000 | 00521nam a2200193Ia 4500 | ||
|---|---|---|---|
| 999 |
_c32425 _d32425 |
||
| 003 | OSt | ||
| 005 | 20200729150912.0 | ||
| 008 | 190216s9999||||xx |||||||||||||| ||und|| | ||
| 020 | _a9788120343290 | ||
| 040 | _coclc | ||
| 082 |
_a512.9 _bART/A |
||
| 100 |
_aArtin, Michael _93853 |
||
| 245 | 0 |
_aAlgebra / _cMichael Artin |
|
| 250 | _a2nd Ed. | ||
| 260 |
_bPhi Learning Private Ltd, _c2013. _aNew Delhi: |
||
| 300 | _a543p | ||
| 650 | _aAlgebra | ||
| 942 |
_cBK _2ddc _h512.9 _iART/A _k512.9 _mART/A |
||